000 00564nam a2200169 i 4500
001 100250
003 ES-MaACL
005 20230906182634.0
007 t|
008 190109s1952 sp ||||1| spa d
245 0 0 _aLegislación social vigente.
_pReglamentación nacional del trabajo en las industrias transportes por carretera.
260 _aBarcelona :
_b[s.n.],
_c1952.
300 _a138 p. ;
_c21 cm.
500 _aHojas cambiables.
650 4 _aTransportes por carretera-
_xPersonal-
_xEstatuto jurídico-
_zEspaña.
_9165908
852 _aES-MaACL
_jP-246-1
999 _c100250
_d100250